| 000 | 00484cam a2200193ua 4500 | ||
|---|---|---|---|
| 020 | _c14.50 | ||
| 041 |
_aeng _h |
||
| 082 |
_a512.5 _bBHA/FI |
||
| 100 | _aBhattacharya, P.B . | ||
| 245 |
_aFirst course in linear algebra / _cP.B.Bhattacharya. _hTextual Documents |
||
| 260 |
_aNew Delhi : _bWiley Eastern Ltd , _c1985. |
||
| 300 | _a280 ; . | ||
| 365 | _a14.50 | ||
| 504 | _a | ||
| 700 | 1 | _aJain, S.K . | |
| 700 | 1 | _aNagpal, S.R. | |
| 942 | _cBK | ||
| 999 |
_c9402 _d9402 |
||